000
00266nam a2200109Ia 4500
001
1287672
005
20260417164420.0
008
260417s9999 xx 000 0 und d
020
_a
9786256402928
245
0
_a
Şampiyon 2 – Rock’n Roll
260
_b
Dokuz Çocuk
999
_c
1287672
_d
1287672